Películas basadas en libros de Stephen King - Estadísticas

Estadísticas generales
  • Esta prueba ha sido intentada 281 veces
  • La puntuación promedio es 9 de 34
Estadísticas de respuestas
Año Reparto Película % Correcto
1980 Jack Nicholson, Shelley Duvall El Resplandor
83%
2017 Jaeden Martell, Sophia Lillis It
82%
2019 Jessica Chastain, James McCavoy It: Capítulo 2
82%
1976 Sisi Spacek, Nancy Allen Carrie
73%
2013 Chloe Grace Moretz, Julianne Moore Carrie
73%
2019 Jason Clarke, John Lithgow Cementerio de Animales
47%
1989 Dale Midkiff, Fred Gwyne Cementerio de Mascotas
47%
1990 James Caan, Kathy Bates Misery
45%
2019 Ewan McGregor Doctor Sueño
41%
1999 Tom Hanks, Michael Clarke Duncan La Milla Verde
37%
1994 Tim Robbins, Morgan Freeman Cadena Perpetua
32%
2017 Idris Elba, Matthew McCounaghey La Torre Oscura
32%
2007 Thomas Jane, Toby Jones La Niebla
29%
1986 River Phoenix, Corey Feldman Cuenta Conmigo
20%
1983 Keith Gordon, Harry Dean Stanton Christine
18%
1984 Linda Hamilton, Peter Horton Los Chicos del Maíz
12%
2007 John Cusack, Samuel L Jackson 1408
10%
2017 Thomas Jane, Molly Parker 1922
9%
2019 Patrick Wilson, Rachel Wilson En la Hierba Alta
9%
1983 Christopher Walken, Martin Sheen La Zona Muerta
8%
1987 Arnold Schwarzenegger, Richard Dawson Perseguido
8%
2016 John Cusack, Samuel L Jackson Cell
7%
1995 Kathy Bates, Jennifer Jason Leigh Eclipse Total
7%
2004 Johnny Depp, John Turturro La Ventana Secreta
7%
1984 Drew Barrymore, David Keith Ojos de Fuego
7%
1982 Ted Danson, Leslie Nielsen Creepshow
6%
1986 Emilio Estevez, Pat Hingle La Rebelión de las Máquinas
6%
2001 Anthony Hopkins, David Morse Corazones en la Atlántida
5%
2003 Thomas Jane, Morgan Freeman El Cazador de Sueños
5%
1996 Robert John Burke, Joe Mantegna Maleficio
5%
1993 Timothy Hutton, Amy Madigan La Mitad Oscura
4%
1998 Ian Mckellen, Brad Renfro Verano de Corrupción
4%
1985 Drew Barrymore, James Woods Los Ojos del Gato
3%
1985 Gary Busey, Corey Haim Miedo Azul
1%
No se encontraron pruebas coincidentes
Distribución de puntuación
Porcentaje de gente con cada puntuación
Porcentaje por número respondido
Historial de tus puntuaciones
No has intentado esta prueba.